[Event "EU-ch 12th"]
[Site "Aix les Bains"]
[Date "2011.03.30"]
[Round "8"]
[White "Jobava, Baadur"]
[Black "Safarli, Eltaj"]
[Result "1-0"]
[WhiteElo "2707"]
[BlackElo "2628"]
[Annotator "Marchand,A/Primel,D"]
[PlyCount "75"]
[EventDate "2011.03.22"]
[EventType "swiss"]
[EventRounds "11"]
[EventCountry "FRA"]
[SourceTitle "CBM 142 Extra"]
[Source "ChessBase"]
[SourceDate "2011.06.27"]
[SourceVersion "1"]
[SourceVersionDate "2011.06.27"]
[SourceQuality "1"]
[TimeControl "40/5400+30:1800+30"]

1. d4 Nf6 2. c4 g6 3. Nc3 d5 4. Bg5 {91} (4. cxd5 Nxd5 5. e4 Nxc3 6. bxc3 Bg7
7. Nf3 c5 8. Be3) 4... Ne4 {91} 5. h4 $5 {91 Une ligne secondaire qui était la
préparation des Blancs et la partie est d'importance théorique car elle
n'avait pas encore été jouée а haut niveau.} (5. Bh4 {La grande ligne} Nxc3 6.
bxc3 dxc4 7. e3 (7. Qa4+)) (5. cxd5 Nxg5 6. h4 Ne4 7. Nxe4 Qxd5) 5... Bg7 {82}
(5... Nxc3 6. bxc3 dxc4 7. e3 Be6 8. h5 Bg7 9. h6 Bf8 {Doyle,J-Stevenson,J 
(2135) West of Scotland-ch 1998 (2) 1-0} (9... Bf6 10. Bxf6 exf6 11. Ne2 Nd7 (
11... c5 12. Rb1) (11... Nc6 12. Rb1 Na5 $11) (11... Bd5 12. Nf4 c6 13. Be2 O-O
$11 {Delchev: The safest Grunfeld}) 12. Nf4)) (5... Nxg5 6. hxg5 $14 {[%csl
Gh1]}) 6. cxd5 Nxc3 7. bxc3 Qxd5 8. e3 {92} h6 {76} (8... Nd7 9. Nf3 Qa5 10.
Bd3 h6 (10... Qxc3+ 11. Ke2 e5 12. Rc1 $44 {Nguyen,N (2637)-Svidler,P (2739)
FIDE World Cup 2011 (2.6) 0-1})) 9. Bf4 e5 $1 (9... Qa5 $5 {[%csl Rc3]}) 10.
Bxe5 Bxe5 11. dxe5 Qxe5 $11 12. Qd4 {92} Nc6 {73} (12... Nd7 {Quelques
semaines plus tard, les Noirs ont tenté d'améliorer la position avec Nbd7} 13.
Nf3 Qf6 14. Bb5 c6 15. Bc4 c5 16. Qxf6 Nxf6 17. Ne5 Rf8 18. Rb1 Rb8 19. f3 Nd7
20. Nd3 Ke7 21. Nf4 Nb6 22. Bb3 g5 23. Nd5+ Nxd5 24. Bxd5 Be6 25. Bxe6 Kxe6 26.
Ke2 b5 27. hxg5 {Goganov,A (2480)-Klimov,S (2503)/St Petersburg 2011/Mega2011
Update 24/1/2-1/2 (52)}) 13. Bb5 {92} Bd7 {47 Les Blancs continuent de suivre
la préparation maison et les Noirs commencent а accuser un net retard а la
pendule} 14. Nf3 $1 {Force l'échange des Q qui va donner une finale agréable а
jouer pour les Blancs} Qxd4 15. cxd4 {[%csl Rc7][%cal Ga1c1]} Ne5 $6 (15...
O-O-O $142 16. Rc1 Rhe8 17. Kd2 (17. h5 g5) (17. Ke2 a6 18. Bc4 Bg4 19. Rhd1
Nxd4+) (17. O-O $143 {[%csl Rg1]}) 17... a6 18. Bc4 {[%csl Rf7]} Re7 19. Rhd1
Bg4 20. Be2 {[%cal Gd2e1]} Red7 $2 21. Rxc6 $1 {[%cal Ge2a6,Gf3e5]}) 16. Bxd7+
Nxd7 17. Ke2 $1 {88} c5 {40} 18. a4 {[%csl Rb7][%cal Ga4a5,Ga1b1,Gh1b1]} (18.
h5 g5 19. dxc5 Nxc5 20. Rac1 Ne6 21. Rhd1 $32) 18... Ke7 19. h5 Rac8 (19... g5
{Plus solide car le P"h6" sera trés faible dans la partie}) 20. hxg6 $36 {
[%csl Gh1,Rh6] 85 Les Blancs continuent de jouer quasiment а tempo!} (20. Rab1)
20... fxg6 {31} 21. a5 $1 {[%csl Rb7] 83 La majorité noire а l'aile-dame n'est
pas facile а mobiliser et les Blancs donnent une leçon technique! Le plus
impressionnant est de voir JOBAVA continuer de blitzer.} Rc7 22. Rab1 $16 {
[%csl Rb7][%cal Gb1b2,Gh1b1]} b6 23. axb6 axb6 24. g4 {73} Ra7 {20} 25. Rb2
Rha8 {Il est souvent recommandé de jouer activement en finale de R mais les
Noirs n'auront pas forcément assez de compensations.} (25... h5 26. gxh5 Rxh5
27. Rg1 Kf7 {Il y a a encore du travail pour les Blancs}) 26. Rxh6 Ra2 27. Rd2
{66} Nf6 {12} 28. Ne5 $1 {[%csl Ge5][%cal Ge5g4,Ge5g6,Gf2f3]} Rxd2+ 29. Kxd2 {
62 Une heure d'avance !} Ra2+ $6 {02} 30. Kd3 Rxf2 $2 $138 (30... g5) 31. g5 $1
Nd5 32. Nxg6+ Ke8 33. Rh8+ Kd7 34. Ne5+ Ke7 35. Rh7+ Ke6 36. Rh6+ Ke7 37. e4
Nb4+ 38. Ke3 {[%mdl 32] Une partie impressionnante de la part du géorgien} 1-0

[Event "Olympiad-37"]
[Site "Turin"]
[Date "2006.06.03"]
[Round "12"]
[White "Sargissian, Gabriel"]
[Black "Vachier Lagrave, Maxime"]
[Result "1/2-1/2"]
[WhiteElo "2612"]
[BlackElo "2576"]
[Annotator "Marin,M"]
[PlyCount "74"]
[EventDate "2006.05.21"]
[EventType "team-swiss"]
[EventRounds "13"]
[EventCountry "ITA"]
[SourceTitle "CBM 113"]
[Source "ChessBase"]
[SourceDate "2006.07.31"]
[SourceVersion "1"]
[SourceVersionDate "2006.07.31"]
[SourceQuality "1"]
[WhiteTeam "Armenia"]
[BlackTeam "France"]
[WhiteTeamCountry "ARM"]
[BlackTeamCountry "FRA"]

1. d4 Nf6 2. c4 g6 3. Nc3 d5 4. Bg5 Ne4 5. Bh4 Nxc3 ({Against Aronian, Svidler
refrained from pawn grabbing, preferring} 5... c5 {instead, but he did not
manage to equalize.}) 6. bxc3 dxc4 7. e3 Be6 8. Qb1 Qd5 ({And here, he
refrained from sticking to his material advantage for as long as possible. His
game against Ivanchuk went} 8... c5 9. Qxb7 {and the complications ended to
White's favour.}) 9. Nf3 Qa5 10. Qb2 Nd7 11. Be2 Nb6 12. O-O Bg7 13. Nd2 c5 14.
Nb3 Qb5 15. Qa3 Qa4 16. Qxa4+ Nxa4 17. Nxc5 Nxc5 18. dxc5 Bxc3 19. Rab1 b6 20.
cxb6 axb6 21. Rxb6 O-O 22. Rxe6 fxe6 23. Bxc4 Kf7 24. Bb3 Rfd8 25. g4 Bf6 26.
g5 Bb2 27. Bg3 Ra5 28. h4 Rd3 29. Kg2 Be5 30. Rc1 Bxg3 31. Kxg3 h6 32. gxh6 Rh5
33. Rc4 Rd6 34. Rf4+ Kg8 35. Re4 Kf7 36. Rf4+ Kg8 37. Re4 Kf7 1/2-1/2

[Event "Olympiad-39"]
[Site "Khanty-Mansiysk"]
[Date "2010.09.30"]
[Round "9.1"]
[White "Kazhgaleyev, Murtas"]
[Black "Le, Quang Liem"]
[Result "1/2-1/2"]
[WhiteElo "2620"]
[BlackElo "2694"]
[Annotator "Marin,M"]
[PlyCount "109"]
[EventDate "2010.09.21"]
[EventType "team-swiss"]
[EventRounds "11"]
[EventCountry "RUS"]
[SourceTitle "CBM 139"]
[Source "ChessBase"]
[SourceDate "2010.11.18"]
[SourceVersion "1"]
[SourceVersionDate "2010.11.18"]
[SourceQuality "1"]
[WhiteTeam "Kazakhstan"]
[BlackTeam "Vietnam"]
[WhiteTeamCountry "KAZ"]
[BlackTeamCountry "VIE"]

1. d4 Nf6 2. c4 g6 3. Nc3 d5 4. Bg5 Bg7 5. Bxf6 Bxf6 6. cxd5 c6 7. e4 Qb6 {
This allows Black retrieve the pawn, but loses valuable time.} 8. e5 {It is
essential to restrict the activity of the enemy bishop.} Qxb2 9. Qc1 {White
exchanges the black piece that has consumed two tempos already.} (9. Nge2 {
is also promissing:} Bg7 10. g3 O-O 11. Bg2 cxd5 12. Rb1 Qa3 13. Nxd5 Nc6 14.
O-O Bg4 15. Rxb7 Rab8 16. Rxb8 Rxb8 17. Ndc3 Bxe2 18. Nxe2 Nb4 19. e6 Qxa2 20.
exf7+ Qxf7 21. d5 e6 22. dxe6 Qxe6 23. Nf4 $36 {The a7-pawn is far from
becoming dangerous, while the weakness of the black kingside is acute, Eljanov,
P (2729)-Kurnosov,I (2666)/Jenbach 2009/ (0-1, 38).}) 9... Qxc1+ 10. Rxc1 Bg7
11. Bc4 $146 (11. Bd3 O-O 12. Nge2 Rd8 13. O-O Kf8 14. Be4 cxd5 15. Nxd5 Nc6
16. Rfd1 Bh6 17. Rb1 Rb8 18. Nc7 Bg4 19. f3 Be3+ 20. Kf1 Bf5 $36 {Tihonov,J 
(2443)-Zhigalko,A (2491)/Minsk 2004/EXT 2005 (1/2, 34). Having completed his
development and activated his dark-squared bishop, Black has excellent
prospects.}) 11... O-O 12. f4 {Black will find it difficult to activate his
g7-bishop now.} cxd5 13. Bxd5 Nc6 14. Nf3 Bh6 15. g3 Rd8 16. Kf2 Bf5 17. Ke3
$14 {The king actively contributes to the consolidation of the space advantage,
while the h6-bishop is out of play.} Rac8 18. Be4 Bg4 19. Ne2 Be6 20. Rc5 Nb4
21. Rhc1 Nxa2 22. Ra1 Nb4 23. Rxa7 Nd5+ 24. Kf2 b6 25. Rb5 f6 26. Rb7 Bf8 27.
Bxd5 Bxd5 28. R7xb6 Rc2 29. Rb2 Rxb2 30. Rxb2 Rc8 31. Rb5 Bc4 32. Rc5 Rxc5 33.
dxc5 e6 34. c6 Bc5+ 35. Ke1 Kf7 36. Nc3 f5 37. Na4 Bb4+ 38. Kf2 Ba5 39. Nd4 Ke7
40. Ke3 Kd8 41. Nc5 Ke7 42. Nd7 h6 43. h4 h5 44. Nc5 Bb6 45. Na4 Ba7 46. Nc3
Kd8 47. Nb1 Kc7 48. Na3 Ba6 49. Nac2 Bb6 50. Kd2 Ba5+ 51. Kd1 Bc4 52. Ne3 Bb6
53. Nec2 Ba5 54. Ne3 Bb6 55. Nec2 1/2-1/2

[Event "EU-chT (Men) 18th"]
[Site "Porto Carras"]
[Date "2011.11.11"]
[Round "9.1"]
[White "Jobava, Baadur"]
[Black "Tikkanen, Hans"]
[Result "1-0"]
[WhiteElo "2678"]
[BlackElo "2586"]
[Annotator "Marin,M"]
[PlyCount "39"]
[EventDate "2011.11.03"]
[EventType "team-swiss"]
[EventRounds "9"]
[EventCountry "GRE"]
[SourceTitle "CBM 146"]
[Source "ChessBase"]
[SourceDate "2012.01.18"]
[SourceVersion "1"]
[SourceVersionDate "2012.01.18"]
[SourceQuality "1"]
[WhiteTeam "Georgia"]
[BlackTeam "Sweden"]
[WhiteTeamCountry "GEO"]
[BlackTeamCountry "SWE"]

1. d4 Nf6 2. c4 g6 3. Nc3 d5 4. Bg5 Ne4 5. h4 $5 {The evaluation of this
experimental move depends on whether White will be able to play h4-h5 in the
near future. Otherwise, the white kingside may remain weak.} Nxc3 ({A previous
game by Jobava went:} 5... Bg7 6. cxd5 Nxc3 7. bxc3 Qxd5 8. e3 h6 ({A few
months later, Svidler improved on Black's play:} 8... Nd7 9. Nf3 Qa5 10. Bd3 h6
11. Bf4 e5 12. Bg3 exd4 13. exd4 O-O 14. O-O Nf6 15. Qc2 Bf5 $5 {Nguyen,N 
(2637)-Svidler,P (2739)/Khanty-Mansiysk 2011/CBM 145 (0-1, 28)}) 9. Bf4 e5 10.
Bxe5 Bxe5 11. dxe5 Qxe5 12. Qd4 Nc6 13. Bb5 Bd7 14. Nf3 Qxd4 15. cxd4 Ne5 16.
Bxd7+ Nxd7 17. Ke2 c5 18. a4 Ke7 19. h5 $14 {Jobava,B (2707)-Safarli,E (2628)/
Aix-les-Bains 2011/CBM 142 (1-0, 38). White has better control in the centre
and the black kingside is under pressure.}) 6. bxc3 dxc4 7. e4 b5 {A typical
Slav gambit position has been reached. With his next two pawn moves, Jobava
activates both his rooks, just as he did in the game mentioned above.} 8. a4 c6
9. h5 $1 $36 {It now becomes clear that h2-h4 has been more than an
extravagant move.} Rg8 10. hxg6 hxg6 11. Qf3 f6 12. Bf4 Qa5 13. Be2 Nd7 14. e5
Bb7 15. exf6 exf6 16. Qe3+ Kf7 17. Nh3 Re8 18. Qf3 Bg7 19. Ng5+ Ke7 20. Qe3+
1-0

[Event "Terre degli Elimi op 8th"]
[Site "Erice"]
[Date "2017.07.28"]
[Round "3"]
[White "Gilevich, Artem"]
[Black "Marin, Mihail"]
[Result "1/2-1/2"]
[WhiteElo "2422"]
[BlackElo "2529"]
[Annotator "Marin,M"]
[PlyCount "137"]
[EventDate "2017.07.28"]
[EventType "swiss"]
[EventRounds "9"]
[EventCountry "ITA"]
[SourceTitle "CBM 180"]
[Source "ChessBase"]
[SourceDate "2017.09.13"]
[SourceVersion "1"]
[SourceVersionDate "2017.09.13"]
[SourceQuality "1"]

1. d4 Nf6 2. c4 g6 3. Nc3 d5 4. Bg5 Ne4 5. Bh4 c6 6. e3 ({After checking my
opponent's repertoire I decided on using the Grünfeld move order to reach the
same type of position as examined in my fianchetto Slav article published in
CBM 177. Even though my opponent avoided transposing to the article with} 6.
Nf3 {he did not catch me unaware.}) 6... Qa5 7. cxd5 ({The main alternative is
} 7. Qb3 e5 $1 {A typical pawn sacrifice taking advantage of the fact that
White has delayed the development of the king's knight.} 8. Bd3 (8. dxe5 g5 9.
Bg3 Be6 10. cxd5 Bxd5 11. Qc2 Nd7 12. Nge2 O-O-O 13. O-O-O (13. f3 Nxg3 14.
hxg3 Bb3 $3 15. Qxb3 Nc5 $19 {wins material.}) 13... Nxg3 14. hxg3 (14. Nxg3
Be6 15. f4 gxf4 16. exf4 Bh6 {retrieves the e5-pawn with obvious advantage.})
14... Bxa2 $13) 8... exd4 9. exd4 {Palachev,P (2373)-Timofeev,A (2539) St
Petersburg 2015 (0-1, 49)} Bb4 $1 10. Bxe4 Bxc3+ 11. bxc3 dxe4 12. Ne2 O-O $13
{The black queen's activity prevents White from creating dangerous threats
using his bishop. Besides, Black has some space advantage and the c4-square is
weak.}) 7... Nxc3 8. Qd2 e6 $5 $146 (8... cxd5 {Ipatov,A (2454)-Lorenzo de la
Riva,L (2331) Badalona 2009 (1-0, 45)} 9. Ne2 $1 $14) (8... b6 9. bxc3 cxd5 10.
c4 $5) 9. bxc3 ({The point is that} 9. dxe6 $2 {allows Black to keep the extra
piece with} Bb4 10. a3 Nd5) ({And if} 9. Ne2 Nxa2 $1 10. Qxa5 Bb4+ 11. Qxb4
Nxb4 {the threat ...Nc2 wins a pawn. True White has reasonable compensation
for it due to his strong dark-squared bishop.}) 9... cxd5 10. Nf3 ({White can
try preventing the plan based on the exchange of bishops with} 10. Rb1 b6 11.
Bb5+ (11. c4 dxc4 12. Qxa5 bxa5 {As we will see, the double pawns are strong,
offering support to the minor pieces.} 13. Bxc4 Bb4+ 14. Ke2 Nd7 15. Nf3 O-O
16. Rhc1 Nb6 17. Bd3 Nd5 18. Kf1 Bb7 $132 {/\ ...Rfc8, ...Nc3, XPa2}) 11... Bd7
12. Bd3 Bc6 13. Ne2 Nd7 14. O-O b5 15. f3 Bh6 $11 {The position is rather
static and Black does not have problems.}) (10. Bf6 Rg8 {is not dangerous.
Black will soon drive the enemy bishop away with ...Nd7, when he could even
start a kingside pawn attack with ...g6-g5.}) 10... b6 11. Ne5 Nd7 {Before
continuing with his plan Black has to deal with the central knight.} (11... Ba6
$2 12. Bxa6 Qxa6 (12... Nxa6 13. Bf6 Rg8 14. e4 $16) 13. Bf6 Rg8 14. c4 $16)
12. f4 ({Depriving Black of the right to castle is not effective. It only
gives up the central outpost without a fight.} 12. Nxd7 Bxd7 13. Bf6 Rg8 14.
Be2 Rc8 {White suddenly has problems with his backward pawn.} 15. Rc1 Ba3 16.
O-O (16. Rc2 Ba4 $19) 16... Bxc1 (16... h5 $5 {would be a subtle way of
anticipating Qh6 in the main line.}) 17. Rxc1 Bb5 18. Bf3 Bc4 19. e4 Kd7 20.
Qh6 Qa3 {and White does not seem to have enough compensation for the exchange.}
) 12... Ba6 13. Bd3 ({Once again} 13. Nxd7 {does not promise much.} Kxd7 14.
Bf6 Rg8 15. Bxa6 Qxa6 16. Kf2 Be7 17. Bxe7 Kxe7 18. c4 dxc4 (18... Rgc8 19.
cxd5 exd5 {[%csl Ge3,Ge4] is also at least fine for Black.}) 19. Qb4+ Kf6 20.
Qc3 Rgd8 21. d5+ Ke7 22. Qb4+ Rd6 {Black has good chances to keep the pawn and
neutralise the white initiative.}) 13... Bxd3 14. Qxd3 Rc8 {Things start
settling down. White's activity did not bring in the desired result while the
potentially bad bishop and the backward c3-pawn stay.} 15. O-O $5 {Setting a
small trap.} (15. Rc1 f5 16. O-O {would lead to similar play as in the game,
but my opponent wanted both his rooks on the queenside.}) 15... f5 $1 ({
Of course,} 15... Rxc3 {is bad due to} 16. Rac1 $1 {and the queen is taboo in
view of mate on c8, while the rook exchange would put the king in big danger.})
({It was also not difficult to establish that} 15... Nxe5 16. fxe5 {offers
White too much play.} Rxc3 17. Qe2 Bh6 18. Rxf7 Bxe3+ 19. Kh1 Kxf7 20. Qf3+ Ke8
21. Qf6 {I ended my line here as Black's position looks dangerous. Engines
think it is a draw, but this is also enough to prefer the game move.}) 16. Rfc1
({For the last time the knight exchange would not improve White's position.} 
16. Nxd7 Kxd7 17. Rfc1 Ba3 18. Rc2 Rc4 $17 {and the king is absolutely safe in
the centre.}) 16... Nxe5 17. fxe5 Ba3 18. Rc2 O-O $17 {Black has obtained a
dream position with the better structure and bishop. The only open question
remains whether he will be able to win.} 19. Rf1 Qa4 20. Be1 Qc4 21. Qd1 {
Just losing some time on the way to exchange queens, but at this stage time is
not an essential factor.} Be7 22. Qe2 Qxe2 23. Rxe2 Rc4 24. Rb2 Rb8 25. Kf2 {
Slightly careless.} Bh4+ $1 {Forcing another pawn to go on to a dark square
cannot do any harm.} 26. g3 Be7 27. Ke2 b5 28. Bd2 a6 29. Kd3 Kg7 30. Ke2 g5 {
I did not have a clear plan yet but I knew that I would have to combine play
on both wings in order to get winning chances.} 31. h3 h5 32. Kd3 ({Fighting
against the blockade on the light squares with} 32. g4 {would open a new front
for Black after} fxg4 33. hxg4 hxg4 34. Rg1 Rh8 $17) 32... Kg6 33. Ke2 Rh8 {
[%cal Gh5h4]} 34. Be1 Ra4 35. Rg1 Ra3 36. Rg2 Rc8 37. Kd3 g4 $5 {By this
moment I already decided that I would later break with ...f5-f4, meaning that
the kingside would not stay completely blocked.} 38. h4 Rc4 {Preparing to
improve the queenside position to the maximum.} 39. Rb3 Ra5 40. Rc2 Rca4 41.
Rbb2 Ra3 42. Ke2 R5a4 43. Bd2 Bd8 {I was not sure in which form I should carry
out ...f5-f4. For a while I thought the bishop on b6 would help but then I
returned with it to e7.} 44. Be1 Bb6 45. Bd2 Ba5 ({Unfortunately} 45... f4 {
does not work so well:} 46. exf4 Kf5 47. Be3 ({My main idea was to prevent} 47.
Kd3 $2 {due to} Rxd4+ $1) 47... Ke4 48. f5 $1 ({The passive} 48. Bf2 {is
likely to lead to trouble:} Ba5 49. Be1 b4 $17) 48... Kxf5 49. Kd3 {With the
bishop on e7 things would still be under control but the way it is the rook
would invade through the f-file.}) 46. Be1 Bd8 47. Bd2 Be7 48. Be1 f4 {Finally
making up my mind.} ({During the game I could not work out a clear plan based
on the king's transfer to the queenside. Analysis suggests this may have been
a better idea:} 48... Kf7 49. Kd1 Ke8 50. Kc1 Kd7 51. Kb1 Rc4 52. Rb3 Raa4 53.
Kb2 Kc6 54. Bd2 Kb6 55. Be1 Rc8 56. Bd2 Rac4 57. Kb1 a5 58. Rcb2 b4 59. cxb4 a4
60. Rd3 Kb5 61. Ka1 Bd8 62. Rb1 $5 {Preparing to defend on both wings.} ({
The passive} 62. Kb1 $2 {leaves White poorly coordinated allowing Black to
carry out the second pawn break with full effect:} Bb6 63. a3 f4 64. exf4 (64.
gxf4 g3 $19 65. Be1 Rc1+) 64... Bxd4 65. Ra2 R8c7 $22 $19 {White has no moves.}
66. f5 Rf7 $1 67. f6 Bxe5 $19) 62... Bb6 (62... f4 63. exf4 Bb6 64. Rf1 Bxd4+
65. Kb1 Bc3 66. a3 Bxd2 67. Rxd2 Rc3 68. f5 $132) 63. Rf1 {[%csl Gf4]} Rc2 {
Threatening ...a4-a3.} 64. Rd1 {The only move.} f4 65. exf4 a3 $17 {with a
very dangerous attack for the missing pawns.}) {But my plan was also dangerous
enough.} 49. exf4 Kf5 50. Kd1 $6 {My opponent seems to have had enough of my
queenside pressure and decided to transfer the king to that side. But leaving
the centre undefended was hardly a good idea.} ({After a neutral move such as} 
50. Bd2 {Black would have had a harder time to open the position.}) 50... Rc4
51. Rb3 Raa4 52. Kc1 Ba3+ 53. Kb1 Rc6 54. Re2 ({During the game I thought this
to be careless but White cannot prevent ...b5-b4 anyway:} 54. Bd2 Rcc4 55. Be3
(55. Be1 b4 $17) 55... b4 56. cxb4 Raxb4 $17 {In both cases the d4-pawn is
weak, the white king in some danger and the black king close to the weakness
on g3.}) 54... b4 55. Re3 Rc8 56. Bd2 Rc4 {Trying to create a zugzwang.} 57.
Be1 {This leaves c1 undefended allowing the rook to regroup.} ({But if} 57. Rd3
a5 {the rook would later have to spend a tempo to defend e4.}) 57... Ra5 ({
Actually the simpler} 57... bxc3 {looks very promising:} 58. Bxc3 a5 59. Rd3
Rc7 60. Re3 Rc8 {Again some cat and mouse play to create zugzwang. Since I did
something similar in the game please do not rush into concluding that these
are just computer moves! Human brains can and should do as well as them!} 61.
Rd3 (61. Rb7 Rb4+ 62. Rxb4 Bxb4 63. Bb2 $6 a4 $17) (61. Re2 Rac4 62. Re3 Bf8
63. Kb2 a4 64. Rb7 Ba3+ 65. Kxa3 Rxc3+ 66. Rxc3 Rxc3+ 67. Kxa4 Rxg3 68. Rf7+
Ke4 69. Rf6 Kxd4 70. Rxe6 Re3 71. Re8 Ke4 $17) 61... Ke4 62. Bd2 Bb4 63. Bc1
Be7 $17 {with a strong initiative.}) 58. Bd2 Rb5 59. Kc2 a5 60. Re1 Rb6 $2 (
60... bxc3 {is less effective already:} 61. Be3 (61. Bc1 Bb4 $5 62. a3 Rxd4 63.
Be3 Re4 64. axb4 axb4 65. Bf2 Ra5 66. Rxe4 dxe4 67. Be3 Ra2+ 68. Kd1 Rg2 $36) (
61. Rxb5 cxd2+ 62. Kxd2 Bb4+ 63. Rxb4 Rxb4 64. Kc3 Rc4+ 65. Kd3 Ra4 $19 {
[%csl Ga2,Gd4,Gg3]}) 61... Rxb3 62. axb3 Rc8 63. Bf2 $15 {and White should
hold.}) 61. Reb1 Rbc6 62. Kd3 Rc8 63. Rxa3 $1 {I saw it coming. White gets a
perfect fortress now.} bxa3 64. Rb5 a4 65. Rb7 R4c7 66. Rb4 Rc4 67. Rb7 R4c7
68. Rb4 Rc4 (68... Ra8 69. Bc1 Raa7 70. Rb8 (70. Bxa3 Rab7 71. Rxb7 Rxb7 72.
Bb4 a3 73. Ke3 $11 Kg6 74. Kd3 Kf7 75. Ke3 Rb8 76. Kd3 Ke8 77. Ke3 Kd7 78. Kd3
Kc6 79. Kc2 $11) 70... Rab7 71. Rg8 Rg7 72. Rf8+ Rbf7 73. Ra8 $11) 69. Rb7
1/2-1/2